01341nam a2200193 a 450000500170000000800410001704100080005804400070006610000380007324502490011126000300036030000180039050002380040850503280064665000640097465000420103865000360108066200310111620141020115428.0140130b2008 ck ||||| |||| 00| 0 spa d aspa ack1 aValbuena-López, María Saralux10aEstado del arte y línea base de conocimiento par ala definición de la estructura ecológica regional EER para la región central y Aportes a los lineamientos de política para la definición de la estructura regional EER.bInforme final aBogoá : bIAvH, c2008. a47 p.c28 cm. aContrato No. 08-08-120-0182PS. Analizar y evaluar el componente ecosistémico y biológico en herramientas y metodologías paa la planificación ecosistémica en diferentes instrumentos de planificación territorial y sectorial aContiene dos documentos resultados de la investigación: Estado del arte y línea base de conocimiento para la definición de la Estructura Ecológica Regional-EER para la Región Central. Aportes a los lineamientos de política para la definición de la Estructura Ecológica Regional-EER para la Región Central. 4aPlanificación ecosistémicaxherramientasxmeodologías 4aPlanificación territorialzColombia 4aEstructura ecológica regional aColombiacRegión Central